Statistics for Esophagogastroduodenoscopy

Click here to take the quiz!

General Stats

  • This quiz has been taken 34 times
  • The average score is 25 of 26

Answer Stats

Esophagogastroduodenoscopy% Correct
E
100%
O
100%
S
100%
A
96%
A
96%
G
96%
G
96%
O
96%
O
96%
P
96%
R
96%
S
96%
T
96%
C
92%
D
92%
D
92%
E
92%
H
92%
N
92%
O
92%
O
92%
O
92%
P
92%
S
92%
U
92%
Y
92%

Score Distribution

Percentile by Number Answered

Percent of People with Each Score

Your Score History

You have not taken this quiz